LEADER 01383nam a2200313 a 4500 001 000000173905 003 CaOOAMICUS 005 20201029155403.0 008 201029s2018 be 001 u fre r 020 $a978-90-429-3773-4* 032 $aLibriCat 040 $aPUL$bita 041 0 $afre$aeng$ager$aita$agrc 245 00$aPerceptions du temps dans la Bible /$cédité par Marc Leroy, o.p. et Martin Staszak, o.p. 260 $aLeuven ; Paris ; Bristol, CT :$bPeeters,$c2018. 300 $aXXIII, 612 p. ;$c25 cm.$b$e 490 1 $aEtudes bibliques$aNouvelle série ;$v77 546 $aContributi in francese, italiano, inglese, tedesco; passi in greco. 650 04$aTempo (Teologia).$0(OLS)http://pul/subject/12151 700 1 $aLeroy, Marc,$cO.P.$0(OLS)http://pul/name/111741 700 1 $aStaszak, Martin,$cO.P.$0(OLS)http://pul/name/111742 830 0$aEtudes bibliques.$pNouvelle série ;$v77.$0(OLS)http://pul/title/41897 850 $aPUL 852 $aPUL$W1$xSL Religione 1$y3$m5 G 77 (N.S.)$j198039$qStampati$B202720$CPULBib$Z2$F202720 $H134453 $82 941 1 $a8 996 $6020$a978-90-429-3773-4*$9(OLS)http://pul/number/167792 996 $6245$aPerceptions du temps dans la Bible$9(OLS)http://pul/title/215123 996 $6260$aLeuven ; Paris ; Bristol, CT :$bPeeters$9(OLS)http://pul/publisher/84895 LEADER 01815nam a2200385 u 4500 001 000000055598 003 CaOOAMICUS 005 20070226115813.0 008 010213s1986 it u000 u ita u 020 $a8870307182 035 $a10867604 040 $aPUL(R)$bita 245 00$aMatrimonio e famiglia nel magistero della Chiesa :$bi documenti dal Concilio di Firenze a Giovanni Paolo II /$ca cura di Piero Barberi e Dionigi Tettamanzi. 260 $aMilano :$bMassimo,$cc1986. 300 $a840 p. ;$c21 cm 490 1 $aEnciclopedie per tutti ;$v9 500 $aContiene indici. 504 $a"Indicazioni bibliografiche": p. [777]-788. 610 24$aPapi (1978-2005 : Iohannes Paulus PP. II).$0(OLS)http://pul/subject/14909 611 24$aConcilium Florentinum$d(1438-1445).$0(OLS)http://pul/subject/2154 650 4$aFamiglia.$0(OLS)http://pul/subject/1197 650 4$aMatrimonio.$0(OLS)http://pul/subject/1360 700 1 $aTettamanzi, Dionigi,$ccardinale,$d1934-2017.$0(OLS)http://pul/name/30831 700 1 $aBarberi, Piero.$0(OLS)http://pul/name/23900 830 0$aEnciclopedie per tutti ;$v9.$0(OLS)http://pul/title/750 850 $aPUL 852 $aPUL$W1$xSL Religione 1$y3$m68 E 116$j73068$nBK-PRI$b $qStampati$B73068$CPULBib$Z2$F73068 $H $81 941 1 $a8 960 $aIohannes Paulus PP.$bII,$cs.,$d1920-2005$914909 960 $aIohannes Paulus PP.$bII,$cs.,$d1920-2005$914909 960 $aConcilio di Firenze$d1438-1445$92154 961 $aINV: 55644 996 $6020$a8870307182$9(OLS)http://pul/number/69920 996 $6245$aMatrimonio e famiglia nel magistero della Chiesa :$bi documenti dal Concilio di Firenze a Giovanni Paolo II$9(OLS)http://pul/title/74401 996 $6260$aMilano :$bMassimo$9(OLS)http://pul/publisher/48143